000 00371nam a22001337a 4500
005 20170816144423.0
008 170816b xxu||||| |||| 00| 0 eng d
020 _a978-93-85000-88-1
041 _aeng
245 _aEntrepreneurship: A Practical Approach To Learning
_h[electronic resource]
260 _bCEGR
300 _a1 CD-ROM
_eReceived along with book.
942 _cCD
999 _c5526
_d5524